Maiores cidades do interior de cada estado do Brasil - Statistics

Estatísticas Gerais
  • Esse quiz foi jogado 182 vezes
  • A pontuação média é 17 de 26
Estatísticas das Respostas
Estado Cidade % Correto
São Paulo Campinas
94%
Bahia Feira de Santana
87%
Paraná Londrina
87%
Minas Gerais Uberlândia
82%
Paraíba Campina Grande
81%
Santa Catarina Joinville
79%
Goiás Anápolis
73%
Rio Grande do Sul Caxias do Sul
73%
Maranhão Imperatriz
72%
Rio Grande do Norte Mossoró
71%
Pará Santarém
71%
Rio de Janeiro Campos dos Goytacazes
67%
Alagoas Arapiraca
64%
Mato Grosso do Sul Dourados
64%
Ceará Juazeiro do Norte
64%
Pernambuco Caruaru
63%
Mato Grosso Rondonópolis
60%
Acre Cruzeiro do Sul
59%
Amazonas Parintins
57%
Rondônia Ji-Paraná
55%
Piauí Parnaíba
53%
Tocantins Araguaína
48%
Sergipe Lagarto
45%
Espírito Santo Cachoeiro de Itapemirim
38%
Amapá Laranjal do Jari
27%
Roraima Rorainópolis
27%
Nenhum quiz correspondente encontrado
Distribuição das Pontuações
Porcentagem de Pessoas com Cada Pontuação
Percentil de Números Respondidos
Sua Pontuação Histórica
Você não jogou esse quiz